| 000 | 01270nam a22003977a 4500 | ||
|---|---|---|---|
| 003 | CHAP | ||
| 005 | 20220817043308.0 | ||
| 008 | 971013s1988 r 00010 d | ||
| 010 | _a70938 | ||
| 011 | _a71910 | ||
| 035 | _a81464 | ||
| 040 | _cCHAP | ||
| 082 |
_a636.08 _bN45 v.3B |
||
| 100 | 0 | 0 |
_aNeimann - Sorensen, A. _eed. |
| 245 | _aMeat science, milk science and technology | ||
| 260 |
_aAmsterdam : _bElsevier, _c1988 |
||
| 300 |
_a458 p. _b: ilus. |
||
| 490 |
_aWorld animal science _v; B3 |
||
| 590 |
_aBATCH-UPD _b10 _c20130110 _lUCH01 _h0718 |
||
| 590 |
_aBATCH-UPD _b10 _c20130410 _lUCH01 _h0403 |
||
| 590 |
_aBATCH-UPD _b10 _c20130914 _lUCH01 _h0150 |
||
| 590 |
_aCONVERSION _b10 _c20130109 _lUCH01 _h1339 |
||
| 650 | 1 | 4 |
_aAlimentos _xPropiedades organolepticas. _94270 |
| 650 | 1 | 4 |
_aCarne. _919053 |
| 650 | 1 | 4 |
_aCarne _xAnálisis. _919061 |
| 650 | 1 | 4 |
_aCarne _xProcesado. _919108 |
| 650 | 1 | 4 |
_aGanadería. _944604 |
| 650 | 1 | 4 |
_aLeche. _965357 |
| 650 | 1 | 4 |
_aLeche _xAnálisis. _965359 |
| 650 | 1 | 4 |
_aProductos lácteos. _992124 |
| 700 | 0 |
_aCross, H. Rusell _eed. _929189 |
|
| 830 | 0 |
_aWorld animal science _v; B3 _9122687 |
|
| 901 | _aBK | ||
| 942 | _cLIBRO | ||
| 949 |
_a636.08 N45 v.3B _bBC _cLIBRO _d33724000260741 _eLIBRO _gI. 172352 _h86569 _i81464 _si _t798.00 |
||
| 999 |
_c70938 _d70938 |
||